[Event "Mauricie op"]
[Site "Trois-Rivieres CAN"]
[Date "2026.03.22"]
[Round "4.6"]
[White "Berube, Antoine"]
[Black "Sun, Jonathan"]
[Result "1-0"]
[WhiteElo "2206"]
[BlackElo "1947"]
[WhiteFideId "-1"]
[BlackFideId "-1"]
[PlyCount "57"]
[GameId "2291338917818671"]
[EventDate "2026.03.20"]
[EventType "swiss"]
[EventRounds "5"]
[EventCountry "CAN"]

1. d4 Nf6 2. c4 g6 3. f3 Bg7 4. e4 d6 5. Nc3 O-O 6. Nge2 c5 7. d5 e6 8. Ng3 exd5 9. cxd5 a6 10. a4 Re8 11. Be2 Nbd7 12. O-O h5 13. Bg5 Qc7 14. Qd2 Nh7 15. Bh6 h4 16. Bxg7 Kxg7 17. Nh1 Ne5 18. Nf2 f5 19. f4 Nf7 20. Bd3 Nh6 21. Rae1 fxe4 22. Ncxe4 Nf5 23. b4 Bd7 24. Qc3+ Kf7 25. bxc5 dxc5 26. Ng4 Bxa4 27. d6 Nxd6 28. Nxd6+ Qxd6 29. Bc4+ 1-0

[Event "Mauricie op"]
[Site "Trois-Rivieres CAN"]
[Date "2026.03.22"]
[Round "4.7"]
[White "Iordanescu, Victor Nicolae"]
[Black "Genzling, Jerome"]
[Result "1/2-1/2"]
[WhiteElo "2070"]
[BlackElo "2146"]
[WhiteFideId "-1"]
[BlackFideId "-1"]
[PlyCount "52"]
[GameId "2291530362556727"]
[EventDate "2026.03.20"]
[EventType "swiss"]
[EventRounds "5"]
[EventCountry "CAN"]

1. d4 d5 2. c4 e6 3. g3 a6 4. Bg2 dxc4 5. Nc3 Nf6 6. Qa4+ Nbd7 7. Qxc4 c5 8. dxc5 Bxc5 9. Nh3 O-O 10. O-O b5 11. Qd3 Ra7 12. Ng5 Bb7 13. Bxb7 Rxb7 14. Nge4 Bb6 15. Bg5 h6 16. Nxf6+ Nxf6 17. Qf3 Rd7 18. Bxf6 Qxf6 19. Qc6 Qd8 20. Rad1 Rxd1 21. Rxd1 Qc7 22. Qxc7 Bxc7 23. Rd7 Be5 24. Ra7 Bxc3 25. bxc3 Rc8 26. Rxa6 Rxc3 1/2-1/2

[Event "Mauricie op"]
[Site "Trois-Rivieres CAN"]
[Date "2026.03.22"]
[Round "4.8"]
[White "Di Matteo, Alessio"]
[Black "Cassista, Jeremie"]
[Result "1/2-1/2"]
[WhiteElo "1952"]
[BlackElo "1879"]
[WhiteFideId "-1"]
[BlackFideId "-1"]
[PlyCount "122"]
[GameId "2291534072807746"]
[EventDate "2026.03.20"]
[EventType "swiss"]
[EventRounds "5"]
[EventCountry "CAN"]

1. d4 g6 2. c4 Bg7 3. Nf3 e6 4. e4 b6 5. Nc3 Bb7 6. Be2 d6 7. O-O Nd7 8. Bg5 Ne7 9. Qd2 h6 10. Be3 Nf6 11. d5 e5 12. Ne1 g5 13. Nd3 Ng6 14. g3 Bc8 15. b4 Bh3 16. Rfc1 Ng4 17. Bxg4 Bxg4 18. Kg2 Qd7 19. f3 Bh3+ 20. Kg1 f5 21. Nf2 f4 22. Nxh3 fxe3 23. Qg2 g4 24. fxg4 Qxg4 25. Re1 h5 26. Rxe3 O-O 27. Nf2 Qg5 28. Rd3 Rf7 29. h4 Qf6 30. Nh3 Bh6 31. Rf1 Qxf1+ 32. Qxf1 Rxf1+ 33. Kxf1 a5 34. b5 Rf8+ 35. Ke2 Kg7 36. Nd1 Ne7 37. Rf3 Rxf3 38. Kxf3 Kg6 39. Ndf2 Ng8 40. g4 hxg4+ 41. Nxg4 Bc1 42. Ng1 Bd2 43. Ne2 Be1 44. Ng3 Bxg3 45. Kxg3 Kh5 46. a4 Kg6 47. Ne3 Nf6 48. Kf3 Kh5 49. Nf5 Kg6 50. Ke3 Ng4+ 51. Ke2 Nf6 52. Kd3 Kh5 53. Ke3 Kg4 54. Ng7 Kxh4 55. Ne6 Ne8 56. Kf3 Kh3 57. Kf2 Kg4 58. Kg2 Kh4 59. Kf3 Kh3 60. Ng5+ Kh4 61. Nh7 Kh3 1/2-1/2

[Event "Mauricie op"]
[Site "Trois-Rivieres CAN"]
[Date "2026.03.22"]
[Round "4.9"]
[White "Fiset, Anais Chloe"]
[Black "Pomerantz, Daniel"]
[Result "0-1"]
[WhiteElo "1905"]
[BlackElo "2046"]
[WhiteFideId "-1"]
[BlackFideId "-1"]
[PlyCount "72"]
[GameId "2291555629158733"]
[EventDate "2026.03.20"]
[EventType "swiss"]
[EventRounds "5"]
[EventCountry "CAN"]

1. c4 Nf6 2. g3 g6 3. Bg2 Bg7 4. Nc3 O-O 5. e4 d6 6. Nge2 e5 7. O-O c5 8. d3 Nc6 9. h3 a6 10. Be3 Rb8 11. a4 Nd4 12. Rb1 Bd7 13. b4 b6 14. Kh2 Nc6 15. b5 Nb4 16. Qd2 Ne8 17. f4 axb5 18. axb5 Ra8 19. f5 Nc7 20. Ra1 Rxa1 21. Rxa1 gxf5 22. Rf1 fxe4 23. Nxe4 Qe7 24. Ra1 d5 25. Nf2 Be6 26. Rc1 f5 27. Qd1 Qf7 28. Bd2 dxc4 29. Bxb4 cxb4 30. Qa4 cxd3 31. Nxd3 b3 32. Qa7 Nd5 33. Qa6 e4 34. Ndf4 Nxf4 35. Nxf4 b2 36. Rd1 Ba2 0-1

[Event "Mauricie op"]
[Site "Trois-Rivieres CAN"]
[Date "2026.03.22"]
[Round "4.10"]
[White "Tremblay, Rejean"]
[Black "Nassif, Aba"]
[Result "1-0"]
[WhiteElo "2131"]
[BlackElo "1961"]
[WhiteFideId "-1"]
[BlackFideId "-1"]
[PlyCount "85"]
[GameId "2291612886774143"]
[EventDate "2026.03.20"]
[EventType "swiss"]
[EventRounds "5"]
[EventCountry "CAN"]

1. d4 Nf6 2. c4 e6 3. Nc3 Bb4 4. Qc2 d5 5. a3 Bxc3+ 6. Qxc3 dxc4 7. Qxc4 Nc6 8. Nf3 O-O 9. Bf4 Bd7 10. h3 b5 11. Qc5 a5 12. e3 b4 13. Bb5 Qe8 14. a4 Ne4 15. Qc2 Nd6 16. Bd3 h6 17. O-O b3 18. Qxb3 Nb4 19. Bb1 Bc6 20. Rc1 Rb8 21. Qd1 Rb6 22. Ne5 Bd5 23. Rxc7 Na6 24. Rc1 f5 25. Bd3 g5 26. Bh2 Ne4 27. Qe2 Nb8 28. Rc7 Nf6 29. Bb5 Qd8 30. Rac1 Bb7 31. Ng6 Rf7 32. Rxf7 Kxf7 33. Ne5+ Kg7 34. Qc4 Nd5 35. Nd3 Nc6 36. Nc5 Bc8 37. Bxc6 Rxc6 38. Nxe6+ Rxe6 39. Qxc8 Qb6 40. Be5+ Kf7 41. Qh8 Ne7 42. d5 Rg6 43. d6 1-0

[Event "Mauricie op"]
[Site "Trois-Rivieres CAN"]
[Date "2026.03.22"]
[Round "4.11"]
[White "Papineau (Granby), Daniel"]
[Black "Savard, Alexandre"]
[Result "1-0"]
[WhiteElo "1966"]
[BlackElo "1792"]
[WhiteFideId "-1"]
[BlackFideId "-1"]
[PlyCount "67"]
[GameId "2291681413853578"]
[EventDate "2026.03.20"]
[EventType "swiss"]
[EventRounds "5"]
[EventCountry "CAN"]

1. d4 Nf6 2. c4 e6 3. Nf3 b6 4. a3 Bb7 5. Nc3 d5 6. cxd5 Nxd5 7. e3 Nd7 8. Bd3 Be7 9. e4 Nxc3 10. bxc3 c5 11. Qe2 Qc7 12. O-O O-O 13. Re1 Rfd8 14. Bb2 a6 15. Rad1 b5 16. h4 Nb6 17. d5 c4 18. Bb1 exd5 19. e5 Bc8 20. Nd4 Na4 21. Qc2 g6 22. h5 Nxb2 23. hxg6 Nd3 24. gxf7+ Kxf7 25. Rxd3 cxd3 26. Qxd3 Ke8 27. Qxh7 Qxc3 28. Rd1 Ra7 29. Bg6+ Kd7 30. Bf5+ Ke8 31. e6 Bxe6 32. Bxe6 Bc5 33. Qh8+ Ke7 34. Nf5+ 1-0

[Event "Mauricie op"]
[Site "Trois-Rivieres CAN"]
[Date "2026.03.22"]
[Round "4.12"]
[White "Dufresne, Christophe"]
[Black "St-Yves, Patrice"]
[Result "1-0"]
[WhiteElo "1932"]
[BlackElo "1611"]
[WhiteFideId "-1"]
[BlackFideId "-1"]
[PlyCount "218"]
[GameId "2291687610205260"]
[EventDate "2026.03.20"]
[EventType "swiss"]
[EventRounds "5"]
[EventCountry "CAN"]

1. e4 c5 2. d4 cxd4 3. Qxd4 a6 4. Nc3 e6 5. g3 Nc6 6. Qd3 b5 7. Bg2 Bb7 8. Nf3 d6 9. O-O Qc7 10. Bg5 h6 11. Be3 Be7 12. a4 b4 13. Ne2 Nf6 14. c3 O-O 15. c4 Rfd8 16. Rac1 Nd7 17. Rfd1 Nc5 18. Qc2 e5 19. Nd2 Na5 20. b3 Bc8 21. f4 Bg4 22. Re1 f6 23. f5 Bh5 24. Rb1 Nc6 25. Nc1 a5 26. h3 Bf7 27. Nd3 Na7 28. Nf2 Bf8 29. Nf1 Nc6 30. g4 Rac8 31. Ng3 Qe7 32. h4 Nd4 33. Bxd4 exd4 34. Nd3 Nd7 35. Qe2 Ne5 36. Rbd1 Re8 37. Bh3 Qd8 38. Kg2 Be7 39. Qf2 Qb6 40. Ne2 Nc6 41. Ndf4 Ne5 42. Qxd4 Qc7 43. Nd5 Bxd5 44. Qxd5+ Kh8 45. Nd4 Qb8 46. Ne6 Qb6 47. Kg3 Rc6 48. Bg2 Rec8 49. Qb5 Qa7 50. Rd5 Ra6 51. Rdd1 Rac6 52. Qd5 Qb6 53. Qd2 Nxc4 54. bxc4 Rxc4 55. Rc1 d5 56. Bf1 Rxc1 57. Rxc1 Rxc1 58. Qxc1 Qg1+ 59. Kf3 dxe4+ 60. Kxe4 Qh1+ 61. Kd4 Qg1+ 62. Kd3 Qg3+ 63. Kd2 Qd6+ 64. Kc2 b3+ 65. Kxb3 Qb4+ 66. Kc2 Qxa4+ 67. Kd3 Qb3+ 68. Kd4 Qb6+ 69. Ke4 Qb7+ 70. Ke3 Qb6+ 71. Kf3 Qb7+ 72. Kf2 Bd6 73. g5 hxg5 74. hxg5 fxg5 75. Qxg5 Qb2+ 76. Kf3 Qc3+ 77. Kg2 Qc2+ 78. Kf3 Qc3+ 79. Kg4 Qg3+ 80. Kh5 Qxg5+ 81. Kxg5 Be5 82. Bb5 Kh7 83. Bd3 Kg8 84. Bc4 Kh8 85. Kg6 Ba1 86. Bb3 Bb2 87. Bc2 Ba1 88. Kf7 Bf6 89. Kg6 Ba1 90. Bb3 Bb2 91. Ng5 a4 92. Bxa4 Bf6 93. Ne6 Kg8 94. Bb3 Kh8 95. Nf8 Ba1 96. Kf7 Bf6 97. Bd1 Ba1 98. Bh5 g6 99. Nxg6+ Kh7 100. Bd1 Kh6 101. Bc2 Kg5 102. Ke6 Kh6 103. Ne5 Bb2 104. f6 Ba3 105. Bb3 Kh7 106. f7 Kg7 107. Kd7 Bb4 108. Ke8 Bc5 109. Nc6 Bf8 1-0

[Event "Mauricie op"]
[Site "Trois-Rivieres CAN"]
[Date "2026.03.22"]
[Round "4.13"]
[White "Duval, Mathieu"]
[Black "Gervais, Guillaume"]
[Result "1-0"]
[WhiteElo "1893"]
[BlackElo "1493"]
[WhiteFideId "-1"]
[BlackFideId "-1"]
[PlyCount "219"]
[GameId "2291701232948539"]
[EventDate "2026.03.20"]
[EventType "swiss"]
[EventRounds "5"]
[EventCountry "CAN"]

1. d4 Nf6 2. c4 e6 3. Nc3 Bb4 4. e3 d5 5. Bd3 O-O 6. Nge2 b6 7. O-O Bb7 8. cxd5 exd5 9. a3 Be7 10. Ng3 Re8 11. b3 Nbd7 12. Bb2 Rc8 13. Re1 c5 14. Nf5 Bf8 15. Nb5 Nb8 16. Nxa7 Rc7 17. Nb5 Rd7 18. Nc3 Nc6 19. Ne2 g6 20. Nfg3 Bd6 21. Rc1 Ng4 22. dxc5 bxc5 23. Nf4 Qh4 24. h3 Nge5 25. Bb5 d4 26. exd4 cxd4 27. Nd5 Bxa3 28. Bxa3 Rxd5 29. Bxc6 Bxc6 30. Rxc6 Ra8 31. Bb2 Nxc6 32. Qf3 Rad8 33. Ne4 Kg7 34. g3 Qe7 35. Kg2 Rf5 36. Qd1 Re5 37. Qc2 Nb4 38. Qc4 Rxe4 39. Bxd4+ Rdxd4 40. Qxd4+ Rxd4 41. Rxe7 Rd3 42. Rb7 Rxb3 43. f4 Rb2+ 44. Kf3 Nd3 45. Ra7 Nc5 46. g4 Rb3+ 47. Kg2 Ne6 48. Ra4 f5 49. g5 Re3 50. Ra7+ Kg8 51. Ra8+ Nf8 52. Ra7 Re8 53. h4 Ne6 54. Kg3 Nd4 55. Ra3 Re7 56. Ra4 Re3+ 57. Kg2 Nc6 58. Ra8+ Kf7 59. Rh8 Kg7 60. Rc8 Ne7 61. Rc7 Kf7 62. Ra7 Ke6 63. Ra6+ Kd5 64. Ra7 Kd4 65. Ra4+ Kd3 66. Ra3+ Ke2 67. Ra2+ Kd1 68. Ra1+ Kc2 69. Ra2+ Kb1 70. Rd2 Rc3 71. Rd7 Nc6 72. Rxh7 Nd4 73. Rb7+ Kc2 74. Rb4 Ne2 75. Kf2 Nc1 76. Rb6 Nd3+ 77. Ke3 Ne5+ 78. Ke2 Rc6 79. Rb7 Ng4 80. Re7 Kc3 81. Kf3 Kd4 82. Rd7+ Kc5 83. h5 gxh5 84. Rf7 Rg6 85. Rxf5+ Kd6 86. Rf8 Ne5+ 87. Kg3 Nd7 88. Rf5 Re6 89. Kh4 Re1 90. Kxh5 Ke6 91. Ra5 Rf1 92. Kg4 Rg1+ 93. Kf3 Rf1+ 94. Kg3 Rg1+ 95. Kf2 Rg4 96. Kf3 Rg1 97. Ra6+ Kf5 98. Ra5+ Ke6 99. f5+ Kf7 100. Ra7 Rd1 101. Ke2 Rd5 102. Ke3 Re5+ 103. Kf4 Re7 104. g6+ Kg7 105. Kg5 Kf8 106. Ra8+ Kg7 107. Ra6 Re1 108. Ra7 Re7 109. f6+ Nxf6 110. Rxe7+ 1-0

[Event "Mauricie op"]
[Site "Trois-Rivieres CAN"]
[Date "2026.03.22"]
[Round "4.14"]
[White "Potvin, Alain-Nicolas"]
[Black "Lamontagne, Damien"]
[Result "1-0"]
[WhiteElo "1731"]
[BlackElo "1936"]
[WhiteFideId "-1"]
[BlackFideId "-1"]
[PlyCount "113"]
[GameId "2291901012510094"]
[EventDate "2026.03.20"]
[EventType "swiss"]
[EventRounds "5"]
[EventCountry "CAN"]

1. d4 Nf6 2. e3 e6 3. Bd3 d5 4. Nd2 c5 5. c3 Nc6 6. Ngf3 Qc7 7. O-O Be7 8. Qe2 b6 9. dxc5 bxc5 10. e4 Bb7 11. e5 Nd7 12. Re1 Rc8 13. Nf1 h6 14. Bf4 Qb6 15. Rab1 d4 16. cxd4 Nb4 17. a3 Nd5 18. Bg3 cxd4 19. N1d2 Bc5 20. Rec1 a5 21. Nc4 Qa7 22. Nd6+ Bxd6 23. Rxc8+ Bxc8 24. exd6 N7f6 25. Be5 O-O 26. Nxd4 Nf4 27. Bxf4 Qxd4 28. Be5 Qh4 29. g3 Qh5 30. Bxf6 Qxe2 31. Bxe2 gxf6 32. Bb5 Bb7 33. Rc1 Rd8 34. d7 Kf8 35. Rc7 Bd5 36. f4 Ke7 37. Kf2 f5 38. Ke3 Bb3 39. Kd4 f6 40. Kc5 e5 41. fxe5 fxe5 42. Rc8 e4 43. Kb6 Rxd7 44. Bxd7 Kxd7 45. Rc3 a4 46. Kc5 Ke6 47. Kd4 h5 48. Rc6+ Kf7 49. h4 Ke7 50. Ke3 Kd7 51. Rh6 Bf7 52. Ra6 Bb3 53. Kf4 Ke7 54. Ra5 e3 55. Re5+ Kd6 56. Rxe3 Bc2 57. Rc3 1-0

[Event "Mauricie op"]
[Site "Trois-Rivieres CAN"]
[Date "2026.03.22"]
[Round "5.1"]
[White "Sai, Krishna GV"]
[Black "Gutierrez, Renzo"]
[Result "1/2-1/2"]
[WhiteElo "2519"]
[BlackElo "2192"]
[WhiteFideId "-1"]
[BlackFideId "-1"]
[PlyCount "40"]
[GameId "2292321767746156"]
[EventDate "2026.03.20"]
[EventType "swiss"]
[EventRounds "5"]
[EventCountry "CAN"]

1. e4 e5 2. Nf3 Nc6 3. Bb5 a6 4. Ba4 d6 5. O-O Bd7 6. c3 g6 7. d4 Bg7 8. h3 Nf6 9. Re1 O-O 10. Bc2 Qe8 11. Nbd2 Nh5 12. Nc4 Kh8 13. a4 exd4 14. cxd4 Nb4 15. Bb1 b5 16. Qe2 Nc6 17. Ne3 Ne7 18. Qc2 Qc8 19. axb5 Bxb5 20. Ra3 Nc6 1/2-1/2

[Event "Mauricie op"]
[Site "Trois-Rivieres CAN"]
[Date "2026.03.22"]
[Round "5.2"]
[White "Latorre, Vincent"]
[Black "Chiku-Ratte, Olivier-Kenta"]
[Result "0-1"]
[WhiteElo "2395"]
[BlackElo "2427"]
[WhiteFideId "-1"]
[BlackFideId "-1"]
[PlyCount "110"]
[GameId "2291940455461065"]
[EventDate "2026.03.20"]
[EventType "swiss"]
[EventRounds "5"]
[EventCountry "CAN"]

1. e4 e5 2. Nf3 Nf6 3. Nxe5 d6 4. Nf3 Nxe4 5. d4 d5 6. Bd3 Bd6 7. O-O O-O 8. c4 c6 9. Re1 Bf5 10. Qc2 Na6 11. a3 Bg6 12. c5 Bb8 13. Nc3 f5 14. Ne2 Bh5 15. Ng3 Bg6 16. Ne2 Bh5 17. Ng3 Bxf3 18. gxf3 Nc7 19. fxe4 fxe4 20. Bf1 Ne6 21. Be3 Ng5 22. Bxg5 Qxg5 23. Qe2 g6 24. Bg2 h5 25. Kh1 Qh4 26. a4 Bf4 27. Ra3 Rae8 28. Re3 Bh6 29. Kg1 Re7 30. Nf1 Ref7 31. Rg3 Rxf2 32. Qxf2 Rxf2 33. Kxf2 Bf4 34. Kg1 Bxg3 35. hxg3 Qg4 36. Kf2 h4 37. gxh4 Qxh4+ 38. Ke2 Qg4+ 39. Kf2 e3+ 40. Nxe3 Qxd4 41. b3 Qxc5 42. Bf3 a5 43. Bd1 Qd4 44. Rg1 Qd2+ 45. Kf3 Kf7 46. Bc2 d4 47. Bxg6+ Kf6 48. Nc4 Qc3+ 49. Ke4 b5 50. Rf1+ Kxg6 51. Ne5+ Kg7 52. Rf7+ Kg8 53. Rd7 Qxb3 54. Kf5 Qh3+ 55. Kf6 Qxd7 0-1

[Event "Mauricie op"]
[Site "Trois-Rivieres CAN"]
[Date "2026.03.22"]
[Round "5.3"]
[White "Migot, Tangi"]
[Black "Luksza, Arkadiusz"]
[Result "1-0"]
[WhiteElo "2368"]
[BlackElo "2013"]
[WhiteFideId "-1"]
[BlackFideId "-1"]
[PlyCount "89"]
[GameId "2291946207949012"]
[EventDate "2026.03.20"]
[EventType "swiss"]
[EventRounds "5"]
[EventCountry "CAN"]

1. e4 g6 2. d4 Bg7 3. Nc3 c5 4. d5 d6 5. Bb5+ Nd7 6. a4 a6 7. Be2 b6 8. f4 Ngf6 9. Nf3 O-O 10. O-O Rb8 11. Qe1 Qc7 12. Kh1 Bb7 13. Bc4 Rfe8 14. Qe2 Qc8 15. e5 Ng4 16. e6 Nf8 17. Ng5 Nh6 18. f5 f6 19. Nxh7 Nxf5 20. Nxf8 Rxf8 21. Qg4 Nd4 22. Qxg6 Qe8 23. Qg3 Qh5 24. Rf4 Qe5 25. Bd2 f5 26. Re1 Qf6 27. Ne4 fxe4 28. Rxf6 Rxf6 29. Bg5 Rg6 30. c3 Nf5 31. Qg4 Bf6 32. Qxf5 Rxg5 33. Qxe4 Kg7 34. Bd3 Rh8 35. c4 Kf8 36. Rf1 Ke8 37. b3 Kd8 38. Rf5 Rg7 39. h3 Ke8 40. Qf4 Rhg8 41. Rxf6 exf6 42. Qxf6 Re7 43. Bg6+ Kd8 44. Bf7 Rf8 45. g4 1-0

[Event "Mauricie op"]
[Site "Trois-Rivieres CAN"]
[Date "2026.03.22"]
[Round "5.4"]
[White "Berube, Antoine"]
[Black "Duong, Thanh Nha"]
[Result "0-1"]
[WhiteElo "2266"]
[BlackElo "2274"]
[WhiteFideId "-1"]
[BlackFideId "-1"]
[PlyCount "94"]
[GameId "2291949605839154"]
[EventDate "2026.03.20"]
[EventType "swiss"]
[EventRounds "5"]
[EventCountry "CAN"]

1. d4 d5 2. c4 dxc4 3. Nf3 Nf6 4. e3 e6 5. Bxc4 c5 6. O-O Nc6 7. Nc3 cxd4 8. exd4 Be7 9. Qe2 O-O 10. Rd1 Nb4 11. Ne5 Nbd5 12. Qf3 a6 13. Bd3 Bd7 14. Bg5 Rc8 15. Rac1 Nxc3 16. Rxc3 Rxc3 17. bxc3 Bc8 18. Qh3 g6 19. Bh6 Re8 20. Qf3 Qc7 21. Bg5 Kg7 22. Qf4 Bd8 23. Bxf6+ Bxf6 24. Nxg6 Qxc3 25. Ne5 Rd8 26. Qe4 Kf8 27. Be2 Rd5 28. Nf3 Bd7 29. Qf4 Ke7 30. h4 Rf5 31. Qh6 Qc2 32. Re1 Ra5 33. Bf1 Bc6 34. Ne5 Bxe5 35. dxe5 Qf5 36. Qe3 Qg4 37. f3 Qxh4 38. Rd1 Rd5 39. Rxd5 Bxd5 40. Qc5+ Ke8 41. Qc8+ Qd8 42. Qc2 Qb6+ 43. Kh2 h6 44. a3 Bc6 45. Qh7 Qc5 46. Qxh6 Qxe5+ 47. Kh3 Qa1 0-1

[Event "Mauricie op"]
[Site "Trois-Rivieres CAN"]
[Date "2026.03.22"]
[Round "5.5"]
[White "Genzling, Jerome"]
[Black "Di Matteo, Alessio"]
[Result "1-0"]
[WhiteElo "2146"]
[BlackElo "1962"]
[WhiteFideId "-1"]
[BlackFideId "-1"]
[PlyCount "52"]
[GameId "2291971300020538"]
[EventDate "2026.03.20"]
[EventType "swiss"]
[EventRounds "5"]
[EventCountry "CAN"]

1. e4 e6 2. d4 d5 3. e5 c5 4. c3 Nc6 5. Nf3 Qb6 6. a3 c4 7. Nbd2 Na5 8. Rb1 Bd7 9. b4 cxb3 10. Nxb3 Ba4 11. Nxa5 Qxa5 12. Qd2 Qc7 13. Bd3 h6 14. h4 Ne7 15. O-O Nc8 16. Qb2 Nb6 17. Bf4 Be7 18. Bg3 O-O-O 19. Nd2 Kb8 20. c4 dxc4 21. Nxc4 Nxc4 22. Bxc4 Bc6 23. Rfc1 Qd7 24. d5 Bxd5 25. Bb5 Qc8 26. Rxc8+ Rxc8 1-0

[Event "Mauricie op"]
[Site "Trois-Rivieres CAN"]
[Date "2026.03.22"]
[Round "5.6"]
[White "Pomerantz, Daniel"]
[Black "Tremblay, Rejean"]
[Result "0-1"]
[WhiteElo "2046"]
[BlackElo "2131"]
[WhiteFideId "-1"]
[BlackFideId "-1"]
[PlyCount "82"]
[GameId "2291979309962300"]
[EventDate "2026.03.20"]
[EventType "swiss"]
[EventRounds "5"]
[EventCountry "CAN"]

1. e4 c5 2. Nf3 d6 3. d4 cxd4 4. Nxd4 Nf6 5. Nc3 a6 6. f3 e5 7. Nb3 Be6 8. Be3 Be7 9. Qd2 Nbd7 10. g4 b5 11. g5 Nh5 12. Nd5 Bxd5 13. exd5 h6 14. Rg1 Bxg5 15. Bxg5 hxg5 16. Rxg5 g6 17. O-O-O Nf4 18. Rg4 Qf6 19. Qf2 Kf8 20. Kb1 Kg7 21. Nc1 b4 22. Ne2 Nxe2 23. Bxe2 a5 24. Bd3 Nc5 25. Be4 Rh3 26. Rf1 Rah8 27. Rg2 Qf4 28. Qe2 Rxh2 29. Rxh2 Rxh2 30. Qb5 Nxe4 31. fxe4 Qxe4 32. Rc1 Rh1 33. b3 Rxc1+ 34. Kxc1 Qe1+ 35. Kb2 Qc3+ 36. Kb1 Qc5 37. Qb7 e4 38. Qc6 e3 39. Qe8 Qd4 40. Qe7 Qd1+ 41. Kb2 e2 0-1

[Event "Mauricie op"]
[Site "Trois-Rivieres CAN"]
[Date "2026.03.22"]
[Round "5.7"]
[White "Chabot, Roland"]
[Black "Iordanescu, Victor Nicolae"]
[Result "0-1"]
[WhiteElo "2002"]
[BlackElo "2070"]
[WhiteFideId "-1"]
[BlackFideId "-1"]
[PlyCount "100"]
[GameId "2291981810713668"]
[EventDate "2026.03.20"]
[EventType "swiss"]
[EventRounds "5"]
[EventCountry "CAN"]

1. d4 Nf6 2. c4 e6 3. Nc3 Bb4 4. a3 Bxc3+ 5. bxc3 Nc6 6. f3 Na5 7. e4 b6 8. Bd3 Ba6 9. Bg5 h6 10. Bh4 g5 11. Bf2 d6 12. h4 Nd7 13. Qe2 Rg8 14. Nh3 Qf6 15. hxg5 hxg5 16. Be3 c5 17. Nf2 cxd4 18. cxd4 Nb3 19. e5 dxe5 20. Ng4 Qe7 21. Rb1 exd4 22. Bxd4 Nxd4 23. Qe4 Rc8 24. Qxd4 Qxa3 25. Rh7 Qc5 26. Qe4 Bxc4 27. Rxf7 Kxf7 28. Qh7+ Kf8 29. Qh6+ Ke8 30. Bxc4 Qxc4 31. Rd1 Qc5 32. Kf1 Qe7 33. Qh5+ Kd8 34. Ne5 Rc7 35. Rxd7+ Rxd7 36. Nc6+ Kc7 37. Nxe7 Rxe7 38. Qg4 Rgg7 39. Qc4+ Kb8 40. Qc6 Rh7 41. Kf2 g4 42. f4 Rhg7 43. Ke3 Rc7 44. Qd6 Kb7 45. Qe5 a5 46. Qe4+ Rc6 47. Kd4 Rd7+ 48. Ke5 b5 49. Qe2 Rb6 50. Qxg4 b4 0-1

[Event "Mauricie op"]
[Site "Trois-Rivieres CAN"]
[Date "2026.03.22"]
[Round "5.8"]
[White "Mok, Yuen Tak"]
[Black "Dufresne, Christophe"]
[Result "1/2-1/2"]
[WhiteElo "1987"]
[BlackElo "1932"]
[WhiteFideId "-1"]
[BlackFideId "-1"]
[PlyCount "59"]
[GameId "2292010345460815"]
[EventDate "2026.03.20"]
[EventType "swiss"]
[EventRounds "5"]
[EventCountry "CAN"]

1. Nf3 d5 2. c4 c6 3. b3 Bf5 4. Bb2 e6 5. g3 h6 6. Bg2 Nf6 7. O-O Be7 8. d3 O-O 9. Nbd2 Nbd7 10. a3 a5 11. Ra2 Re8 12. Qa1 Bh7 13. Ne5 Nxe5 14. Bxe5 Bd6 15. Bc3 Qe7 16. b4 axb4 17. axb4 Rxa2 18. Qxa2 Bxb4 19. Bxb4 Qxb4 20. Rb1 Qe7 21. Qa7 b5 22. Qxe7 Rxe7 23. cxb5 cxb5 24. Rxb5 g5 25. h3 Rc7 26. Nf3 Kg7 27. Ne5 Nd7 28. Nf3 Ra7 29. Bf1 Kf6 30. Bg2 1/2-1/2

[Event "Mauricie op"]
[Site "Trois-Rivieres CAN"]
[Date "2026.03.22"]
[Round "5.9"]
[White "Cassista, Jeremie"]
[Black "Papineau (Granby), Daniel"]
[Result "1/2-1/2"]
[WhiteElo "1879"]
[BlackElo "1966"]
[WhiteFideId "-1"]
[BlackFideId "-1"]
[PlyCount "38"]
[GameId "2292011333420119"]
[EventDate "2026.03.20"]
[EventType "swiss"]
[EventRounds "5"]
[EventCountry "CAN"]

1. d4 Nf6 2. Nf3 g6 3. e3 d5 4. c4 Bg7 5. Nc3 O-O 6. Be2 c5 7. O-O cxd4 8. Nxd4 dxc4 9. Bxc4 Qc7 10. Be2 a6 11. Bd2 e5 12. Nb3 Rd8 13. Qc1 Nc6 14. Rd1 Bf5 15. Na4 Nd7 16. Bb4 Bf8 17. Bxf8 Nxf8 18. Nac5 Rxd1+ 19. Qxd1 Rd8 1/2-1/2

[Event "Mauricie op"]
[Site "Trois-Rivieres CAN"]
[Date "2026.03.22"]
[Round "5.10"]
[White "Sun, Jonathan"]
[Black "Duval, Mathieu"]
[Result "1/2-1/2"]
[WhiteElo "1947"]
[BlackElo "1893"]
[WhiteFideId "-1"]
[BlackFideId "-1"]
[PlyCount "128"]
[GameId "2292038655845471"]
[EventDate "2026.03.20"]
[EventType "swiss"]
[EventRounds "5"]
[EventCountry "CAN"]

1. e4 c6 2. d4 d5 3. exd5 cxd5 4. c4 Nf6 5. Nc3 Nc6 6. Bg5 dxc4 7. Bxc4 h6 8. Bh4 e6 9. Nf3 Be7 10. O-O O-O 11. a3 b6 12. Qd3 Ne8 13. Bg3 Bf6 14. Rad1 Bb7 15. Ba2 Ne7 16. Bb1 Nf5 17. Be5 Nc7 18. Rfe1 Nd5 19. Nxd5 Bxd5 20. g4 Bxf3 21. Qxf3 Nh4 22. Qe4 Ng6 23. Qe3 Bxe5 24. dxe5 Qh4 25. Qg3 Rfd8 26. Bxg6 Qxg3+ 27. hxg3 fxg6 28. Kf1 Kf7 29. Ke2 Ke7 30. Rxd8 Rxd8 31. Rc1 Rd5 32. Rc7+ Rd7 33. Rc8 Rd5 34. f4 a5 35. Rc7+ Kf8 36. Rc6 Rb5 37. Rxe6 Rxb2+ 38. Ke3 Rb3+ 39. Ke4 Rxa3 40. Rxb6 Rxg3 41. Rxg6 a4 42. Kf5 h5 43. g5 h4 44. Ra6 a3 45. Ke6 Kg8 46. Ra8+ Kh7 47. Kf7 Rg4 48. g6+ Rxg6 49. Rxa3 Rg3 50. Ra4 h3 51. f5 g5 52. Ra1 Re3 53. e6 g4 54. e7 h2 55. f6 g3 56. Rh1 Kh6 57. Kg8 Kg5 58. f7 g2 59. Rxh2 g1=Q 60. f8=Q Qxh2 61. Qg7+ Kf4 62. Qf7+ Kg4 63. Qg6+ Kf3 64. e8=Q Rxe8+ 1/2-1/2

[Event "Mauricie op"]
[Site "Trois-Rivieres CAN"]
[Date "2026.03.22"]
[Round "5.11"]
[White "Qi, Jason"]
[Black "Potvin, Alain-Nicolas"]
[Result "1-0"]
[WhiteElo "1892"]
[BlackElo "1731"]
[WhiteFideId "-1"]
[BlackFideId "-1"]
[PlyCount "55"]
[GameId "2292040464122983"]
[EventDate "2026.03.20"]
[EventType "swiss"]
[EventRounds "5"]
[EventCountry "CAN"]

1. e4 d6 2. d4 Nf6 3. Nc3 g6 4. Nf3 Bg7 5. Be2 O-O 6. O-O Bg4 7. Be3 Nc6 8. d5 Bxf3 9. Bxf3 Ne5 10. Be2 c5 11. f4 Ned7 12. Qe1 a6 13. a4 b6 14. Qh4 Qc7 15. g4 Rfb8 16. g5 Ne8 17. Rf3 Qb7 18. Rh3 Nf8 19. Rf1 b5 20. a5 Qc7 21. f5 Qd8 22. Nd1 Rb7 23. Bg4 Nc7 24. Bd2 b4 25. c3 bxc3 26. Bxc3 Rb3 27. fxg6 hxg6 28. Qh8+ 1-0

[Event "Mauricie op"]
[Site "Trois-Rivieres CAN"]
[Date "2026.03.22"]
[Round "5.12"]
[White "Liao, Minyan"]
[Black "Gervais, Guillaume"]
[Result "1-0"]
[WhiteElo "1764"]
[BlackElo "1493"]
[WhiteFideId "-1"]
[BlackFideId "-1"]
[PlyCount "97"]
[GameId "2292041540969583"]
[EventDate "2026.03.20"]
[EventType "swiss"]
[EventRounds "5"]
[EventCountry "CAN"]

1. e4 e5 2. Nf3 Nc6 3. Bc4 Nf6 4. d3 h6 5. c3 d6 6. Bb3 Bg4 7. Nbd2 Be7 8. O-O O-O 9. h3 Bxf3 10. Nxf3 Na5 11. Bc2 Re8 12. Re1 Bf8 13. b4 Nc6 14. b5 Ne7 15. d4 Ng6 16. Rb1 d5 17. exd5 exd4 18. Rxe8 Qxe8 19. Qxd4 Qe2 20. Bxg6 fxg6 21. Rb2 Qe4 22. Qxe4 Nxe4 23. c4 Bc5 24. Be3 Bxe3 25. fxe3 Re8 26. Nd4 Nd6 27. c5 Nc4 28. Re2 Rxe3 29. Rxe3 Nxe3 30. d6 cxd6 31. c6 bxc6 32. bxc6 Nd5 33. Nb5 a6 34. c7 Nxc7 35. Nxc7 a5 36. Nb5 d5 37. Nc3 d4 38. Nb5 d3 39. Kf2 Kf7 40. a4 Ke6 41. Ke3 Kd5 42. Kxd3 Kc5 43. Kc3 g5 44. Na3 Kb6 45. Nc4+ Ka6 46. Kd4 h5 47. Ke5 g4 48. hxg4 hxg4 49. Kf4 1-0